| LEADER 01174nam 2200277 a 4500 |
| 001 12334106542 |
| 003 ULIB |
| 008 030417s2551 thaa sb 001 0 tha |
| 020 ^a9789748377551
|
| 060 4 ^aWB105^bอ641 2551
|
| 245 10 ^aอายุรศาสตร์ฉุกเฉิน /^c[คณะบรรณาธิการ] จันทราภา ศรีสวัสดิ์ ... [และคนอื่น ๆ]
|
| 250 ^aพิมพ์ครั้งแรก
|
| 260 ^aกรุงเทพฯ :^bโครงการตำราวิทยาลัยแพทยศาสตร์พระมงกุฎเกล้า,^c2551
|
| 300 ^aราคา600
|
| 502 ^aหนังสือเล่มนี้เสนอเนื้อหาเกี่ยวกับภาวะฉุกเฉินทางอายุรศาสตร์ ปัญหาที่พบบ่อยและเป็นปัญหาทางอายุรศาสตร์ อาทิเช่น ท่อน้ำดีอักเสบเฉียบพลัน, โรคหลอดเลือดสมอง, ข้ออักเสบเฉียบพลันแบบข้อเดียว, ตับอ่อนอักเสบเฉียบพลัน, โรคลมพิษ,ภาวะต่อมหมวกไตบกพร่อง ฯลฯ
|
| 650 7 ^aเวชศาสตร์ฉุกเฉิน
|
| 650 7 ^aภาวะฉุกเฉิน
|
| 650 7 ^aบริการฉุกเฉินของโรงพยาบาล
|
| 700 0 ^aจันทราภา ศรีสวัสดิ์,^eบรรณาธิการ
|
| 913 ^aImported by ULIBM Administrator
|
| 949 ^aImport form external file by ULIBM system
|
| 999 ^aสุณิสา
|